00585nam a22001817a 450000500170000001000150001702000260003203500130005803700130007108200140008410000220009824500570012026000380017727000520021530000320026750000660029965000380036520131218114719.0 aENG-108865 a9789383158065c895.00 aEN-92398 bDBAD/PUB a362.40954 aOtta, Braja Mohan aEffect of aging on disability /cby Braja Mohan Otta aNew DelhibS.K. Book Agencyc2013 a5A/12, Ansari Road DaryaganjbNew Delhie110002 axvi,223p. :c22cm(Hb)bill. aIncludes bibliographical references (p. [209]-219) and index. aDisabilities xAge factorszIndia